| 000 | 01545nam0a2200337 i 4500 | ||
|---|---|---|---|
| 001 | RU\NLR\BIBL_A\011188233 | ||
| 005 | 20241103125422.0 | ||
| 010 |
_a9785906269263 _9500 |
||
| 021 |
_aRU _b2016-54559 _93465 |
||
| 035 | _a(NILC)RuMoRGB-008544942 | ||
| 035 | _a(NLR Aleph) 011188233 | ||
| 090 |
_a11853772 _c11853772 |
||
| 100 | _a20160804d2015 k y0rusy50 ca | ||
| 101 | 0 | _arus | |
| 102 | _aRU | ||
| 105 | _ay|||||||||||| | ||
| 200 | 1 |
_aФормирование уровня жизни населения под влиянием фактора потребления _eмонография _fБунеева Мария Витальевна _gАвтономная некоммерческая организация высш. образования "Белгородский ун-т кооперации, экономики и права", Липецкий ин-т кооперации (фил.) |
|
| 210 |
_aЛипецк _cЛипецк-Плюс _d2015 |
||
| 215 |
_a148 с. _cил., табл. _d20 |
||
| 320 | _aБиблиогр.: с. 106-117 | ||
| 606 |
_aУровень жизни _yРоссийская Федерация _92073980 _3RU\NLR\AUTH\661248940 |
||
| 606 | 1 |
_aПотребление _yРоссийская Федерация _92452365 _3RU\NLR\AUTH\661457995 |
|
| 675 | _a330 | ||
| 686 | 1 | _aУ9(2)-94(2Р) | |
| 686 | 1 | _aУ9(2)-967(2Р) | |
| 700 | 1 |
_aБунеева _bМ. В. _gМария Витальевна |
|
| 801 | 0 |
_aRU _bРГБ _c20160711 _gRCR |
|
| 942 | _cBOOK | ||
| 980 | _aNBR | ||